Football joueur ballon d'or par image - Statistiques

Statistiques générales
  • Ce quiz a été pris 116 fois
  • Le résultat moyen est 13 sur 16
Statistiques - réponses
Par images Réponse % Correct
Messi
100%
Ronaldo
100%
Zidane
100%
Kaka
97%
Ronaldinho
95%
Cruyff
94%
Platini
94%
Eusebio
80%
Gullit
77%
Papin
77%
Muller
71%
Beckenbauer
70%
Van basten
68%
Baggio
66%
Matthaus
55%
Kopa
42%
Aucun quiz correspondant
Distribution des résultats
% des personnes avec chaque résultat
Percentile par nombre de réponses
Votre historique - résultats
Vous n’avez pas pris ce quiz